[Event "European Chess Club Cup 2023"]
[Site "Durres, Albania"]
[Date "2023.10.05"]
[Round "5.36"]
[White "Bator, Robert"]
[Black "Korpa, Bence"]
[Result "1/2-1/2"]
[TimeControl "90' + 30' & 30\""]
[WhiteElo "2342"]
[BlackElo "2522"]

1. e4 {[%clk 01:30:05]} {[%emt 00:00:54]} c6 {[%clk 01:30:13]} {[%emt
00:00:47]} 2. d4 {[%clk 01:30:20]} {[%emt 00:00:16]} d5 {[%clk 01:30:36]}
{[%emt 00:00:06]} 3. e5 {[%clk 01:29:53]} {[%emt 00:00:58]} Bf5 {[%clk
01:30:53]} {[%emt 00:00:12]} 4. Nf3 {[%clk 01:29:17]} {[%emt 00:01:07]} e6
{[%clk 01:31:10]} {[%emt 00:00:12]} 5. Be2 {[%clk 01:29:14]} {[%emt 00:00:35]}
Nd7 {[%clk 01:29:39]} {[%emt 00:02:00]} 6. O-O {[%clk 01:24:56]} {[%emt
00:04:49]} Bg6 {[%clk 01:29:46]} {[%emt 00:00:22]} 7. a4 {[%clk 01:22:37]}
{[%emt 00:02:49]} a5 {[%clk 01:29:01]} {[%emt 00:01:15]} 8. Nbd2 {[%clk
01:14:55]} {[%emt 00:08:12]} Nh6 {[%clk 01:26:51]} {[%emt 00:02:40]} 9. Nb3
{[%clk 01:14:43]} {[%emt 00:00:42]} Nf5 {[%clk 01:25:25]} {[%emt 00:01:56]} 10.
Bd2 {[%clk 01:14:41]} {[%emt 00:00:32]} h5 {[%clk 01:21:56]} {[%emt 00:03:59]}
11. Qe1 {[%clk 01:13:25]} {[%emt 00:01:47]} b6 {[%clk 01:22:09]} {[%emt
00:00:16]} 12. c4 {[%clk 01:13:08]} {[%emt 00:00:47]} dxc4 {[%clk 01:19:15]}
{[%emt 00:03:24]} 13. Bxc4 {[%clk 01:13:09]} {[%emt 00:00:30]} Be7 {[%clk
01:19:30]} {[%emt 00:00:14]} 14. Qe2 {[%clk 01:07:48]} {[%emt 00:05:52]} h4
{[%clk 01:05:39]} {[%emt 00:14:19]} 15. Bd3 {[%clk 01:00:50]} {[%emt 00:07:29]}
h3 {[%clk 00:53:42]} {[%emt 00:12:27]} 16. g3 {[%clk 01:01:04]} {[%emt
00:00:16]} Bb4 {[%clk 00:45:19]} {[%emt 00:08:53]} 17. Bxb4 {[%clk 00:53:37]}
{[%emt 00:07:58]} axb4 {[%clk 00:45:41]} {[%emt 00:00:07]} 18. Be4 {[%clk
00:54:00]} {[%emt 00:00:07]} Nb8 {[%clk 00:44:05]} {[%emt 00:02:06]} 19. Rfd1
{[%clk 00:44:08]} {[%emt 00:10:22]} Ne7 {[%clk 00:43:33]} {[%emt 00:01:02]} 20.
Ng5 {[%clk 00:39:22]} {[%emt 00:05:17]} Bxe4 {[%clk 00:40:50]} {[%emt
00:03:12]} 21. Qxe4 {[%clk 00:39:01]} {[%emt 00:00:51]} Qd5 {[%clk 00:26:48]}
{[%emt 00:14:31]} 22. Qxd5 {[%clk 00:37:52]} {[%emt 00:01:40]} cxd5 {[%clk
00:27:07]} {[%emt 00:00:11]} 23. a5 {[%clk 00:37:49]} {[%emt 00:00:34]} bxa5
{[%clk 00:27:20]} {[%emt 00:00:16]} 24. Nxa5 {[%clk 00:37:45]} {[%emt
00:00:34]} Ra7 {[%clk 00:19:48]} {[%emt 00:08:01]} 25. Rdc1 {[%clk 00:26:48]}
{[%emt 00:11:28]} O-O {[%clk 00:11:48]} {[%emt 00:08:30]} 26. Nxh3 {[%clk
00:25:23]} {[%emt 00:01:55]} Nf5 {[%clk 00:10:43]} {[%emt 00:01:35]} 27. Nb3
{[%clk 00:22:22]} {[%emt 00:03:32]} Rxa1 {[%clk 00:10:40]} {[%emt 00:00:32]} 28.
Rxa1 {[%clk 00:22:46]} {[%emt 00:00:06]} Nd7 {[%clk 00:07:57]} {[%emt
00:03:13]} 29. Ra7 {[%clk 00:14:35]} {[%emt 00:08:41]} Nb6 {[%clk 00:08:07]}
{[%emt 00:00:19]} 30. Kg2 {[%clk 00:13:12]} {[%emt 00:01:54]} Nc4 {[%clk
00:04:57]} {[%emt 00:03:40]} 31. Rb7 {[%clk 00:11:56]} {[%emt 00:01:47]} Nxb2
{[%clk 00:05:10]} {[%emt 00:00:16]} 32. Rxb4 {[%clk 00:12:09]} {[%emt
00:00:17]} Nd3 {[%clk 00:05:31]} {[%emt 00:00:09]} 33. Rb7 {[%clk 00:11:46]}
{[%emt 00:00:53]} Ne1+ {[%clk 00:05:13]} {[%emt 00:00:48]} 34. Kf1 {[%clk
00:10:58]} {[%emt 00:01:19]} Nf3 {[%clk 00:05:16]} {[%emt 00:00:26]} 35. Rb4
{[%clk 00:10:20]} {[%emt 00:01:08]} 1/2-1/2

[Event "European Chess Club Cup 2023"]
[Site "Durres, Albania"]
[Date "2023.10.05"]
[Round "5.37"]
[White "Mamedov, Rauf"]
[Black "Pruijssers, Roeland"]
[Result "1-0"]
[TimeControl "90' + 30' & 30\""]
[WhiteElo "2640"]
[BlackElo "2540"]

1. e4 {[%clk 01:30:52]} {[%emt 00:00:07]} Nf6 {[%clk 01:30:46]} {[%emt
00:00:14]} 2. e5 {[%clk 01:31:19]} {[%emt 00:00:04]} Nd5 {[%clk 01:31:11]}
{[%emt 00:00:05]} 3. d4 {[%clk 01:31:46]} {[%emt 00:00:03]} d6 {[%clk
01:31:36]} {[%emt 00:00:05]} 4. Nf3 {[%clk 01:32:14]} {[%emt 00:00:02]} dxe5
{[%clk 01:31:59]} {[%emt 00:00:07]} 5. Nxe5 {[%clk 01:32:42]} {[%emt 00:00:02]}
g6 {[%clk 01:32:20]} {[%emt 00:00:09]} 6. Bc4 {[%clk 01:33:09]} {[%emt
00:00:02]} c6 {[%clk 01:32:44]} {[%emt 00:00:06]} 7. O-O {[%clk 01:33:35]}
{[%emt 00:00:04]} Bg7 {[%clk 01:33:10]} {[%emt 00:00:04]} 8. Re1 {[%clk
01:33:59]} {[%emt 00:00:06]} O-O {[%clk 01:33:33]} {[%emt 00:00:07]} 9. Bb3
{[%clk 01:34:27]} {[%emt 00:00:03]} Nd7 {[%clk 01:33:36]} {[%emt 00:00:27]} 10.
Nf3 {[%clk 01:34:52]} {[%emt 00:00:05]} b5 {[%clk 01:33:52]} {[%emt 00:00:14]}
11. Bg5 {[%clk 01:35:15]} {[%emt 00:00:06]} N7b6 {[%clk 01:33:25]} {[%emt
00:00:57]} 12. Nc3 {[%clk 01:32:36]} {[%emt 00:03:09]} a5 {[%clk 01:21:20]}
{[%emt 00:12:35]} 13. Nxd5 {[%clk 01:24:21]} {[%emt 00:08:45]} Nxd5 {[%clk
01:21:43]} {[%emt 00:00:07]} 14. a4 {[%clk 01:24:49]} {[%emt 00:00:03]} Re8
{[%clk 00:58:55]} {[%emt 00:23:18]} 15. Qd2 {[%clk 01:07:52]} {[%emt 00:17:27]}
b4 {[%clk 00:53:11]} {[%emt 00:06:13]} 16. Bh6 {[%clk 01:06:15]} {[%emt
00:02:07]} Bh8 {[%clk 00:43:23]} {[%emt 00:10:18]} 17. Ne5 {[%clk 01:00:59]}
{[%emt 00:05:46]} Qd6 {[%clk 00:41:05]} {[%emt 00:02:48]} 18. Bf4 {[%clk
00:51:23]} {[%emt 00:10:07]} Be6 {[%clk 00:33:01]} {[%emt 00:08:33]} 19. Bg3
{[%clk 00:48:09]} {[%emt 00:03:44]} Bxe5 {[%clk 00:33:22]} {[%emt 00:00:10]} 20.
Rxe5 {[%clk 00:38:22]} {[%emt 00:10:17]} Qd7 {[%clk 00:33:46]} {[%emt
00:00:05]} 21. Rae1 {[%clk 00:38:41]} {[%emt 00:00:12]} Nc7 {[%clk 00:32:27]}
{[%emt 00:01:49]} 22. Rxe6 {[%clk 00:31:43]} {[%emt 00:07:28]} Nxe6 {[%clk
00:28:29]} {[%emt 00:04:27]} 23. Be5 {[%clk 00:23:12]} {[%emt 00:09:01]} Ng7
{[%clk 00:22:59]} {[%emt 00:06:00]} 24. Qh6 {[%clk 00:23:00]} {[%emt 00:00:41]}
Nf5 {[%clk 00:23:01]} {[%emt 00:00:29]} 25. Bxf7+ {[%clk 00:23:09]} {[%emt
00:00:22]} Kxf7 {[%clk 00:23:25]} {[%emt 00:00:06]} 26. Qxh7+ {[%clk 00:23:36]}
{[%emt 00:00:03]} Ke6 {[%clk 00:14:48]} {[%emt 00:09:07]} 27. Bf4+ {[%clk
00:18:49]} {[%emt 00:05:16]} Kf6 {[%clk 00:14:05]} {[%emt 00:01:13]} 28. h4
{[%clk 00:18:05]} {[%emt 00:01:14]} Nd6 {[%clk 00:11:53]} {[%emt 00:02:43]} 29.
Bg5+ {[%clk 00:17:29]} {[%emt 00:01:06]} Kf5 {[%clk 00:12:21]} {[%emt
00:00:02]} 30. Re5+ {[%clk 00:17:47]} {[%emt 00:00:12]} Kg4 {[%clk 00:12:46]}
{[%emt 00:00:05]} 31. f3+ {[%clk 00:18:05]} {[%emt 00:00:12]} Kg3 {[%clk
00:13:08]} {[%emt 00:00:08]} 32. Bf4+ {[%clk 00:18:28]} {[%emt 00:00:07]} Kxf4
{[%clk 00:13:34]} {[%emt 00:00:03]} 33. Qh6+ {[%clk 00:18:56]} {[%emt
00:00:02]} Kg3 {[%clk 00:13:59]} {[%emt 00:00:06]} 34. Qg5+ {[%clk 00:19:23]}
{[%emt 00:00:03]} Qg4 {[%clk 00:14:24]} {[%emt 00:00:04]} 35. Qxg4# {[%clk
00:19:48]} {[%emt 00:00:04]} 1-0

[Event "European Chess Club Cup 2023"]
[Site "Durres, Albania"]
[Date "2023.10.05"]
[Round "5.38"]
[White "Wachinger, Nikolas"]
[Black "Suleymanli, Aydin"]
[Result "1/2-1/2"]
[TimeControl "90' + 30' & 30\""]
[WhiteElo "2426"]
[BlackElo "2588"]

1. e4 {[%clk 01:30:56]} {[%emt 00:00:02]} e5 {[%clk 01:30:52]} {[%emt
00:00:09]} 2. Nf3 {[%clk 01:31:17]} {[%emt 00:00:08]} Nc6 {[%clk 01:31:18]}
{[%emt 00:00:05]} 3. Bb5 {[%clk 01:31:38]} {[%emt 00:00:08]} a6 {[%clk
01:31:45]} {[%emt 00:00:04]} 4. Ba4 {[%clk 01:32:00]} {[%emt 00:00:08]} Nf6
{[%clk 01:32:11]} {[%emt 00:00:04]} 5. O-O {[%clk 01:32:20]} {[%emt 00:00:10]}
Be7 {[%clk 01:32:37]} {[%emt 00:00:04]} 6. Re1 {[%clk 01:32:37]} {[%emt
00:00:13]} b5 {[%clk 01:33:03]} {[%emt 00:00:04]} 7. Bb3 {[%clk 01:32:58]}
{[%emt 00:00:10]} O-O {[%clk 01:33:23]} {[%emt 00:00:10]} 8. h3 {[%clk
01:33:12]} {[%emt 00:00:15]} Bb7 {[%clk 01:33:19]} {[%emt 00:00:34]} 9. d3
{[%clk 01:33:31]} {[%emt 00:00:11]} d5 {[%clk 01:33:25]} {[%emt 00:00:24]} 10.
exd5 {[%clk 01:33:51]} {[%emt 00:00:10]} Nxd5 {[%clk 01:33:52]} {[%emt
00:00:04]} 11. Nbd2 {[%clk 01:33:57]} {[%emt 00:00:23]} Qd7 {[%clk 01:33:56]}
{[%emt 00:00:26]} 12. a4 {[%clk 01:34:15]} {[%emt 00:00:12]} Nf4 {[%clk
01:29:26]} {[%emt 00:05:01]} 13. Ne4 {[%clk 01:32:50]} {[%emt 00:01:55]} Ng6
{[%clk 01:29:09]} {[%emt 00:00:46]} 14. h4 {[%clk 01:32:30]} {[%emt 00:00:50]}
Qg4 {[%clk 01:28:44]} {[%emt 00:00:55]} 15. Bg5 {[%clk 01:32:49]} {[%emt
00:00:11]} Bxg5 {[%clk 01:18:15]} {[%emt 00:11:00]} 16. hxg5 {[%clk 01:33:06]}
{[%emt 00:00:13]} Rad8 {[%clk 01:16:45]} {[%emt 00:01:59]} 17. g3 {[%clk
01:04:04]} {[%emt 00:29:32]} Qh3 {[%clk 01:06:54]} {[%emt 00:10:20]} 18. axb5
{[%clk 00:47:59]} {[%emt 00:16:37]} axb5 {[%clk 01:06:55]} {[%emt 00:00:28]} 19.
c3 {[%clk 00:47:25]} {[%emt 00:01:04]} Kh8 {[%clk 01:02:49]} {[%emt 00:04:35]}
20. Nh2 {[%clk 00:43:26]} {[%emt 00:04:30]} Nce7 {[%clk 01:00:52]} {[%emt
00:02:28]} 21. Qg4 {[%clk 00:42:05]} {[%emt 00:01:51]} Qxg4 {[%clk 01:01:03]}
{[%emt 00:00:19]} 22. Nxg4 {[%clk 00:42:32]} {[%emt 00:00:02]} Bc8 {[%clk
01:01:10]} {[%emt 00:00:23]} 23. Ne3 {[%clk 00:26:11]} {[%emt 00:16:51]} Rxd3
{[%clk 01:01:04]} {[%emt 00:00:36]} 24. Ra7 {[%clk 00:25:11]} {[%emt 00:01:31]}
c6 {[%clk 01:00:40]} {[%emt 00:00:53]} 25. Rea1 {[%clk 00:23:23]} {[%emt
00:02:19]} f5 {[%clk 00:52:36]} {[%emt 00:08:34]} 26. gxf6 {[%clk 00:23:39]}
{[%emt 00:00:14]} gxf6 {[%clk 00:53:02]} {[%emt 00:00:04]} 27. Rc7 {[%clk
00:18:47]} {[%emt 00:05:22]} f5 {[%clk 00:49:45]} {[%emt 00:03:47]} 28. Ng5
{[%clk 00:18:55]} {[%emt 00:00:22]} f4 {[%clk 00:49:51]} {[%emt 00:00:24]} 29.
gxf4 {[%clk 00:17:52]} {[%emt 00:01:33]} exf4 {[%clk 00:49:58]} {[%emt
00:00:22]} 30. Ng2 {[%clk 00:17:33]} {[%emt 00:00:49]} Rd7 {[%clk 00:44:38]}
{[%emt 00:05:50]} 31. Rxd7 {[%clk 00:15:21]} {[%emt 00:02:43]} Bxd7 {[%clk
00:45:03]} {[%emt 00:00:04]} 32. Ra7 {[%clk 00:15:39]} {[%emt 00:00:12]} Bc8
{[%clk 00:45:20]} {[%emt 00:00:13]} 33. Nh4 {[%clk 00:05:22]} {[%emt 00:10:48]}
Kg7 {[%clk 00:39:01]} {[%emt 00:06:47]} 34. Nxg6 {[%clk 00:05:17]} {[%emt
00:00:37]} Kxg6 {[%clk 00:39:21]} {[%emt 00:00:10]} 35. Nxh7 {[%clk 00:04:49]}
{[%emt 00:00:58]} Re8 {[%clk 00:38:16]} {[%emt 00:01:34]} 36. Nf8+ {[%clk
00:05:06]} {[%emt 00:00:13]} Rxf8 {[%clk 00:35:56]} {[%emt 00:02:50]} 37. Rxe7
{[%clk 00:05:34]} {[%emt 00:00:03]} Bg4 {[%clk 00:33:46]} {[%emt 00:02:40]}
1/2-1/2

[Event "European Chess Club Cup 2023"]
[Site "Durres, Albania"]
[Date "2023.10.05"]
[Round "5.39"]
[White "Asadli, Vugar"]
[Black "Grigorian, Spartak"]
[Result "1/2-1/2"]
[TimeControl "90' + 30' & 30\""]
[WhiteElo "2563"]
[BlackElo "2444"]

1. e4 {[%clk 01:30:56]} {[%emt 00:00:04]} c5 {[%clk 01:30:56]} {[%emt
00:00:04]} 2. Nf3 {[%clk 01:31:21]} {[%emt 00:00:04]} d6 {[%clk 01:31:23]}
{[%emt 00:00:04]} 3. Bc4 {[%clk 01:31:47]} {[%emt 00:00:04]} Nf6 {[%clk
01:31:46]} {[%emt 00:00:07]} 4. d3 {[%clk 01:32:10]} {[%emt 00:00:06]} Nc6
{[%clk 01:32:10]} {[%emt 00:00:07]} 5. O-O {[%clk 01:31:52]} {[%emt 00:00:48]}
g6 {[%clk 01:32:24]} {[%emt 00:00:16]} 6. a4 {[%clk 01:31:55]} {[%emt
00:00:27]} Bg7 {[%clk 01:32:42]} {[%emt 00:00:12]} 7. c3 {[%clk 01:31:43]}
{[%emt 00:00:41]} O-O {[%clk 01:33:07]} {[%emt 00:00:05]} 8. Re1 {[%clk
01:32:12]} {[%emt 00:00:02]} h6 {[%clk 01:13:32]} {[%emt 00:20:05]} 9. h3
{[%clk 01:31:16]} {[%emt 00:01:26]} b6 {[%clk 01:11:00]} {[%emt 00:03:03]} 10.
Bb3 {[%clk 01:29:28]} {[%emt 00:02:18]} e5 {[%clk 01:08:20]} {[%emt 00:03:09]}
11. Na3 {[%clk 01:27:51]} {[%emt 00:02:07]} d5 {[%clk 01:03:05]} {[%emt
00:05:45]} 12. exd5 {[%clk 01:16:32]} {[%emt 00:11:49]} Nxd5 {[%clk 01:03:32]}
{[%emt 00:00:04]} 13. Nc4 {[%clk 01:16:59]} {[%emt 00:00:03]} Re8 {[%clk
01:02:13]} {[%emt 00:01:48]} 14. Nfd2 {[%clk 01:15:37]} {[%emt 00:01:52]} Be6
{[%clk 00:49:29]} {[%emt 00:13:14]} 15. Ne4 {[%clk 01:10:46]} {[%emt 00:05:20]}
Re7 {[%clk 00:42:14]} {[%emt 00:07:46]} 16. f3 {[%clk 01:02:05]} {[%emt
00:09:11]} f5 {[%clk 00:40:33]} {[%emt 00:02:11]} 17. Nf2 {[%clk 00:59:22]}
{[%emt 00:03:13]} Kh7 {[%clk 00:38:19]} {[%emt 00:02:44]} 18. Bd2 {[%clk
00:58:48]} {[%emt 00:01:04]} Qd7 {[%clk 00:35:02]} {[%emt 00:03:47]} 19. Ne3
{[%clk 00:58:06]} {[%emt 00:01:12]} Nf4 {[%clk 00:20:24]} {[%emt 00:15:08]} 20.
Bxe6 {[%clk 00:56:22]} {[%emt 00:02:14]} Rxe6 {[%clk 00:20:49]} {[%emt
00:00:05]} 21. Nc4 {[%clk 00:56:11]} {[%emt 00:00:41]} Nd5 {[%clk 00:16:51]}
{[%emt 00:04:28]} 22. Qb3 {[%clk 00:54:36]} {[%emt 00:02:05]} Nc7 {[%clk
00:17:16]} {[%emt 00:00:05]} 23. Be3 {[%clk 00:48:24]} {[%emt 00:06:43]} Qe7
{[%clk 00:16:11]} {[%emt 00:01:35]} 24. Qa3 {[%clk 00:47:32]} {[%emt 00:01:21]}
Nd5 {[%clk 00:12:38]} {[%emt 00:04:03]} 25. Qb3 {[%clk 00:46:28]} {[%emt
00:01:35]} Nc7 {[%clk 00:12:53]} {[%emt 00:00:15]} 26. Qa3 {[%clk 00:46:46]}
{[%emt 00:00:11]} Bf8 {[%clk 00:12:05]} {[%emt 00:01:17]} 27. Re2 {[%clk
00:44:13]} {[%emt 00:03:04]} Re8 {[%clk 00:10:56]} {[%emt 00:01:40]} 28. Rae1
{[%clk 00:44:37]} {[%emt 00:00:05]} Qd7 {[%clk 00:10:18]} {[%emt 00:01:08]} 29.
Qb3 {[%clk 00:44:07]} {[%emt 00:01:00]} Qd5 {[%clk 00:04:47]} {[%emt 00:06:01]}
30. Qc2 {[%clk 00:43:57]} {[%emt 00:00:39]} Bg7 {[%clk 00:04:53]} {[%emt
00:00:25]} 31. f4 {[%clk 00:41:21]} {[%emt 00:03:06]} exf4 {[%clk 00:00:37]}
{[%emt 00:04:46]} 32. Bxf4 {[%clk 00:39:35]} {[%emt 00:02:16]} Rxe2 {[%clk
00:01:03]} {[%emt 00:00:04]} 33. Rxe2 {[%clk 00:40:04]} {[%emt 00:00:01]} Ne6
{[%clk 00:01:26]} {[%emt 00:00:07]} 34. Bd6 {[%clk 00:40:12]} {[%emt 00:00:22]}
Ned4 {[%clk 00:01:32]} {[%emt 00:00:24]} 35. cxd4 {[%clk 00:40:36]} {[%emt
00:00:06]} Nxd4 {[%clk 00:01:59]} {[%emt 00:00:03]} 36. Rxe8 {[%clk 00:41:02]}
Nxc2 {[%clk 00:02:27]} {[%emt 00:00:06]} 37. Re7 {[%clk 00:41:31]} {[%emt
00:00:02]} Kg8 {[%clk 00:01:14]} {[%emt 00:01:43]} 38. Re8+ {[%clk 00:42:00]}
{[%emt 00:00:01]} Kh7 {[%clk 00:01:35]} {[%emt 00:00:08]} 39. Re7 {[%clk
00:42:27]} {[%emt 00:00:03]} Nd4 {[%clk 00:00:36]} {[%emt 00:01:29]} 40. Be5
{[%clk 00:40:49]} {[%emt 00:02:08]} Ne6 {[%clk 00:01:02]} {[%emt 00:00:04]} 41.
Nd1 {[%clk 00:41:19]} {[%emt 00:00:01]} Kg8 {[%clk 00:26:52]} {[%emt 00:04:40]}
42. Nde3 {[%clk 01:11:25]} {[%emt 00:00:24]} Qc6 {[%clk 00:24:57]} {[%emt
00:02:24]} 43. Rxa7 {[%clk 01:11:35]} {[%emt 00:00:20]} f4 {[%clk 00:14:59]}
{[%emt 00:10:29]} 44. Ng4 {[%clk 01:08:59]} {[%emt 00:03:05]} h5 {[%clk
00:15:22]} {[%emt 00:00:07]} 45. Bxg7 {[%clk 01:07:31]} {[%emt 00:01:58]} hxg4
{[%clk 00:15:39]} {[%emt 00:00:14]} 46. Ne5 {[%clk 01:06:59]} {[%emt 00:01:02]}
Qc8 {[%clk 00:07:36]} {[%emt 00:08:33]} 47. Bf6 {[%clk 01:05:09]} {[%emt
00:02:20]} Nc7 {[%clk 00:07:51]} {[%emt 00:00:15]} 48. hxg4 {[%clk 01:01:49]}
{[%emt 00:03:50]} Qb8 {[%clk 00:02:46]} {[%emt 00:05:34]} 49. Nc6 {[%clk
01:00:16]} {[%emt 00:02:02]} Qe8 {[%clk 00:03:15]} {[%emt 00:00:02]} 50. Ne5
{[%clk 00:50:49]} {[%emt 00:09:56]} Qb8 {[%clk 00:03:42]} {[%emt 00:00:04]} 51.
Nc6 {[%clk 00:50:43]} {[%emt 00:00:36]} Qe8 {[%clk 00:04:07]} {[%emt 00:00:06]}
52. Ne5 {[%clk 00:45:45]} {[%emt 00:05:27]} 1/2-1/2